| 000 | 00633nam a22002057a 4500 | ||
|---|---|---|---|
| 005 | 20251108164205.0 | ||
| 008 | 250721s9999 xx 000 0 ara d | ||
| 082 | 1 | 4 | _a211.6/سيد |
| 100 | 1 | _aتقي الدين، السيد | |
| 245 | 1 | 0 | _aمن الوجهة الأدبية في دراسة القرآن الكريم / |
| 264 | 1 |
_aالقاهرة : _bنهضة مصر، _c[19-]. |
|
| 300 | _aج. | ||
| 650 | 1 | 7 | _aالقرآن الكريم |
| 650 | 1 | 7 | _aألفاظ القرآن |
| 650 | 1 | 7 | _aمعاني القرآن |
| 650 | 1 | 7 | _aأحكام القرآن |
| 650 | 1 | 7 | _aتفسير القرآن |
| 942 |
_2ddc _cBK |
||
| 999 |
_c5938 _d5938 |
||